00647nam a2200193Ia 4500008004100000020001500041082001700056100002400073245004800097250000700145260006000152300002500212500001900237600002700256650001500283942000700298952013300305999001500438240925s9999 xx 000 0 und d a8122410421 a621.3028 BHA aBhattacharya, S. K. 0aExperiments in Basic Electrical Engineering aNA aNew Delhi:bNew Age International (Pvt) Limitedc,2001. a660p.bNAfPhotocopy aIncludes Index aElectrical Engineering aTechnology cBK 001040708ELaUITUbUITUd2003-02-10eRoyal Book Company g197.10l0o621.3028 BHApQ4954r2024-09-25 07:13:41w2024-09-25yBK c7453d7453